Sociální sítě a bankovnictví: jak to jde dohromady?

Sociálne média a bankové prostredie - ako spolupracovať. Oblasti, v ktorých bankové inštitúcie využívajú sociálne siete. Reklamné možnosti na sociálnych sietiach a brandová komunikácia.

Saved in:
Bibliographic Details
Main Author: Zbiejczuk, Adam
Format: Book Chapter
Language:Slovak
Subjects:
Tags: Add Tag
No Tags, Be the first to tag this record!

MARC

LEADER 00000naa a2200000 4500
001 0197307
005 20231211083415.7
041 0 |a slo 
044 |a CZ 
245 1 0 |a Sociální sítě a bankovnictví: jak to jde dohromady?  |c Adam Zbiejczuk 
520 |a Sociálne média a bankové prostredie - ako spolupracovať. Oblasti, v ktorých bankové inštitúcie využívajú sociálne siete. Reklamné možnosti na sociálnych sietiach a brandová komunikácia. 
610 2 0 |a bankovníctvo 
610 2 0 |a banky 
610 2 0 |a inštitúcie finančné 
610 2 0 |a služby bankové 
610 2 0 |a služby finančné 
610 2 0 |a komunikácia elektronická 
610 2 0 |a siete sociálne 
100 1 |a Zbiejczuk, Adam